| 000 | 00644nam a2200217 a 4500 | ||
|---|---|---|---|
| 001 | BRL_372 | ||
| 005 | 20190320210717.0 | ||
| 008 | 050813s1953----enka######---#000-0#eng-# | ||
| 041 | _aeng | ||
| 044 | _aenk | ||
| 050 | 4 |
_aF1219 _b.B87 1953 |
|
| 100 | 1 |
_aBurland, C. A. _d1905-1983 _q(Cottie Arthur) _923692 |
|
| 245 | 1 | 0 |
_aMagic Books from Mexico _cC. A. Burland. |
| 260 |
_aHammondsworth, Inglaterra _bPenguin Books _c1953 |
||
| 300 |
_a16 p. _bil. a color _c19 cm. |
||
| 500 | _aAu361 | ||
| 650 | 1 | 4 |
_aIndígenas de México _xLenguas _xEscritura _923693 |
| 650 | 1 | 4 |
_aIndígenas de México _xAntigüedades _9509 |
| 902 | _aGRL | ||
| 942 |
_2lcc _cB |
||
| 999 |
_c9185 _d9185 |
||